Personal injury pleadings

Bibliographic Details
Main Authors: Curran, Patrick (Author), Gore, Allan 1951- (Author)
Format: Book
Language:English
Published: London Sweet & Maxwell c2005
Edition:3rd ed
Subjects:

MARC

LEADER 00000cam a2200000 7i4500
001 0000002127
008 021118s2005 enk eng
020 |a 0421875305 
050 0 0 |a d57 KD1954  |b .C97 2005 
090 0 0 |a d57 KD1954  |b .C97 2005 
245 1 0 |a Personal injury pleadings  |c general editor, Patrick Curran consultant editor, Allan Gore 
250 |a 3rd ed 
260 |a London  |b Sweet & Maxwell  |c c2005 
300 |a liii, 1404 p.  |c 24 cm 
650 0 |a Civil procedure  |z England 
650 0 |a Civil procedure  |z Wales 
650 0 |a Personal injuries  |z England 
650 0 |a Personal injuries  |z Wales 
650 0 |a Trial practice  |z Great Britain 
700 1 |a Curran, Patrick  |e author 
700 1 |a Gore, Allan  |d 1951-  |e author 
999 |a 1000105256  |b Book  |c Reference  |e Gong Badak Campus 
999 |a 1000105360  |b CD-ROM  |c Close Access  |e Gong Badak Campus